Mythology : (Record no. 6085)
[ view plain ]
| 000 -LEADER | |
|---|---|
| fixed length control field | 00595cam a22001937a 4500 |
| 020 ## - ISBN | |
| International Standard Book Number | 0446607258 (pbk.) |
| 020 ## - ISBN | |
| International Standard Book Number | 9780446607254 (pbk.) |
| 020 ## - ISBN | |
| International Standard Book Number | 9780446574754 (pbk.) |
| 020 ## - ISBN | |
| International Standard Book Number | 0446574759 (pbk.) |
| 050 00 - LIBRARY OF CONGRESS CALL NUMBER | |
| Classification Number | BL310 |
| Item Number | .H36 2011 |
| 100 1# - MAIN ENTRY--Author | |
| Personal name | Hamilton, Edith, |
| Dates associated with a name | 1867-1963. |
| 245 10 - TITLE | |
| Title | Mythology : |
| Remainder of title | timeless tales of gods and heroes / |
| Statement of responsibility, etc | Edith Hamilton. |
| 250 ## - EDITIONSTATEMENT | |
| Edition statement | Oversized ed. |
| 260 ## - PUBLICATION, DISTRIBUTION, ETC.(IMPRINT) | |
| Place of publication, distribution, etc | New York, NY : |
| Name of publisher, distributor, etc | Grand Central Pub., |
| Date of publication, distribution, etc | 2011. |
| 300 ## - PHYSICAL DESCRIPTION | |
| Extent | 495 p. : |
| 500 ## - GENERALNOTE | |
| General note | Originally published: Boston : Little, Brown, c1942. |
| 500 ## - GENERALNOTE | |
| General note | Includes index. |
| 942 ## - ADDED ENTRY ELEMENTS(KOHA) | |
| Source of classification or shelving scheme | Library of Congress Classification |
| Koha item type | General circulation |
| Source of classification or shelving scheme | Not for loan | Location (home branch) | Sublocation (holding branch) | Date accessioned | Source of acquisition | Full call number | Barcode | Koha item type | Public note |
|---|---|---|---|---|---|---|---|---|---|
| Library of Congress Classification | SEHSS - Library | SEHSS - Library | 19/01/2016 | donation- books for Africa | [EHS] BL 310 .B85 1959 | 2016/011119 | General circulation | GM |